ចៅចាក់ស្មុគ : (Record no. 8090)

MARC details
000 -LEADER
fixed length control field 02642nam a22002897a 4500
001 - CONTROL NUMBER
control field 8090
003 - CONTROL NUMBER IDENTIFIER
control field FISKH
005 - DATE AND TIME OF LATEST TRANSACTION
control field 20250822120515.0
008 - FIXED-LENGTH DATA ELEMENTS--GENERAL INFORMATION
fixed length control field 250822b cb ||||| |||| 00| 0 eng d
020 ## - INTERNATIONAL STANDARD BOOK NUMBER
International Standard Book Number 9789995095550
040 ## - CATALOGING SOURCE
Original cataloging agency FISKH
Language of cataloging khr
Transcribing agency FISKH
Modifying agency FISKH
050 ## - LIBRARY OF CONGRESS CALL NUMBER
Classification number PZ7
100 ## - MAIN ENTRY--PERSONAL NAME
Personal name Maly, Kheang
245 ## - TITLE STATEMENT
Title ចៅចាក់ស្មុគ :
Remainder of title Chowchaksmok /
Statement of responsibility, etc. រៀបរៀងដោយ លោកស្រី ឃាង ម៉ាលី ,​ អត្ថបទជាភាសាអង់គ្លេស លោក សឿន សោភ័ណ
260 ## - PUBLICATION, DISTRIBUTION, ETC.
Place of publication, distribution, etc. ភ្នំពេញ :
Name of publisher, distributor, etc. រោងពុម្ព គីមឡុង ,
Date of publication, distribution, etc. 2008,
300 ## - PHYSICAL DESCRIPTION
Extent 16 pages :
Other physical details color illustrations ;
Dimensions 30 cm .
505 ## - FORMATTED CONTENTS NOTE
Formatted contents note M <br/>
520 ## - SUMMARY, ETC.
Summary, etc. មានបុរសកំសត់ម្នាក់ឈ្មោះ ចៅចាក់ស្មុគ ជាក្មេងកំព្រា ប្រកបរបរចាក់ស្មុគ និងកន្រ្តកលក់ ។​ ថ្ងៃមួយគាត់បានទៅចាក់ស្មុគនៅលើចុងត្នោត ក៏ភ្លាត់ជើងរៀបនឺងធ្លាក់ក៏មានទម័កមកជួយ ។ បុរសទាំងពីរ នៅតោងជាប់គ្នា​ ទៅណាមិនរួចក៏លេចចេញទំពែក៤នាក់ មកជួយ ។ ជាអកុសលទំពែកទាំង៤បានស្លាប់ដោយទង្គិចក្បាលគ្នាដោយសារការជួយបុរសទាំងពីរ ។ បុរសទាំំងណីរក៏សំពះស្មាលាទោស រួចក៏សែងសពទាំង៤យកទៅកប់ក្នុងព្រៃ ។​
520 ## - SUMMARY, ETC.
Summary, etc. There was a poor man named Chau Chak Smok, an orphan who made a living by making trunk and pck of palm leave for sale. <br/>One day, while he was tapping a tree at the top of a sugar palm, he slipped and fell — but was caught and helped by another man. The two men ended up hanging onto each other, unable to get down.Suddenly, four bald men appeared to help them. Unfortunately, while trying to save the two men, the four bald men accidentally collided with each other and died from head injuries.The two men bowed their heads in apology and sorrow, then buried the four bald men in the forest.
521 8# - TARGET AUDIENCE NOTE
Target audience note 550 <br/>
Source Lexile estiamte <br/>
521 8# - TARGET AUDIENCE NOTE
Target audience note M <br/>
Source Raz-Plus <br/>
650 ## - SUBJECT ADDED ENTRY--TOPICAL TERM
Topical term or geographic name entry element ចៅចាក់ស្មុគ
650 ## - SUBJECT ADDED ENTRY--TOPICAL TERM
Topical term or geographic name entry element Chao chak smok
700 ## - ADDED ENTRY--PERSONAL NAME
Personal name Buntheourn, Kong
Relator term Illustrator
942 ## - ADDED ENTRY ELEMENTS (KOHA)
Source of classification or shelving scheme Dewey Decimal Classification
Koha item type Khmer Books
Suppress in OPAC No
Holdings
Withdrawn status Lost status Source of classification or shelving scheme Damaged status Not for loan Home library Current library Shelving location Date acquired Total Checkouts Full call number Barcode Date last seen Copy number Price effective from Koha item type
    Dewey Decimal Classification     Footprints International School Library Network Toul Tom Poung Campus Footprints International School Library Network Toul Tom Poung Campus TTP Primary Khmer Bookshelves 08/22/2025   MAL PZ7 2025-4212 08/22/2025 1 08/22/2025 Khmer Books
    Dewey Decimal Classification     Footprints International School Library Network Toul Tom Poung Campus Footprints International School Library Network Toul Tom Poung Campus TTP Primary Khmer Bookshelves 08/22/2025   MAL PZ7 2025-4213 08/22/2025 2 08/22/2025 Khmer Books
    Dewey Decimal Classification     Footprints International School Library Network Toul Tom Poung Campus Footprints International School Library Network Toul Tom Poung Campus TTP Primary Khmer Bookshelves 08/22/2025   MAL PZ7 2025-4214 08/22/2025 3 08/22/2025 Khmer Books